000 01982cam a2200169 4500500
005 20260208003031.0
041 _afre
042 _adc
100 1 0 _aMellet, Kevin
_eauthor
245 0 0 _aAux sources du marketing viral
260 _c2009.
500 _a19
520 _aRésuméCet article propose une revue de la littérature, consistant en une présentation de travaux issus de trois disciplines qui sont aux sources de l’approche contemporaine du marketing viral : la sociologie des relations interpersonnelles ; le marketing du bouche-à-oreille qui intègre et adapte les principaux résultats de l’approche précédente aux sciences du marketing ; l’analyse mathématique et statistique des graphes de réseaux. Dans la mesure où le marketing viral est communément défini comme une extension du marketing du bouche-à-oreille aux technologies numériques et à l’Internet, l’objectif principal de cet article est de présenter avec un peu plus de détail que de coutume des travaux qui sont aujourd’hui parfois l’objet de réductions, d’oubli ou de retraductions hasardeuses.
520 _aThis article proposes a review of the literature, consisting of a presentation of research from three disciplines at the source of the contemporary approach to viral marketing: the sociology of interpersonal relations; word-of-mouth marketing which integrates and adapts the main results of the preceding approach to marketing science; and the mathematical and statistical analysis of networks. In so far as viral marketing is commonly defined as an extension of word-of-mouth marketing to digital technologies and Internet, the main aim of this article is to present in more detail than usual the studies that today are sometimes over-simplified, overlooked or poorly retranslated.
786 0 _nRéseaux | 157-158 | 5 | 2009-12-16 | p. 267-292 | 0751-7971
856 4 1 _uhttps://shs.cairn.info/revue-reseaux-2009-5-page-267?lang=fr&redirect-ssocas=7080
999 _c1646789
_d1646789